Statistics for Countries Closest to the Red Sea - One Minute Sprint

Click here to take the quiz!

General Stats

  • This quiz has been taken 67 times
  • The average score is 16 of 20

Answer Stats

kmcountrymiles% Correct
0Egypt0
100%
0Saudi Arabia0
100%
0Yemen0
95%
0Israel0
92%
0Djibouti0
90%
0Eritrea0
90%
0Sudan0
90%
0Jordan0
88%
108Somalia67
86%
57Ethiopia36
81%
393Lebanon244
80%
344Syria214
80%
499Iraq310
71%
706Turkey439
69%
514Cyprus319
68%
770South Sudan478
68%
713Libya443
63%
199Palestine124
51%
952Kenya591
49%
787Greece489
44%

Score Distribution

Percentile by Number Answered

Percent of People with Each Score

Your Score History

You have not taken this quiz